| 000 | 00469nam a2200181Ia 4500 | ||
|---|---|---|---|
| 008 | 221030s9999 xx 000 0 und d | ||
| 020 | _a0074624717 | ||
| 041 | _aEnglish | ||
| 082 |
_a105.23 _bTre |
||
| 100 | _aJ. P. Tremblay | ||
| 245 | 3 |
_aAn Introduction To Data Structures With Applications _cby J. P. Tremblay, P. Sorenson |
|
| 250 | _a2nd | ||
| 260 |
_bTMH _aNew Delhi _c2001 |
||
| 300 | _a861 | ||
| 650 | _aBE Computer | ||
| 700 | _aP. Sorenson | ||
| 942 | _cBK | ||
| 999 |
_c1456 _d1456 |
||